LEADER 01177nam a2200265 u 4500 001 000000049343 003 CaOOAMICUS 005 20070226115111.0 008 000626s1972 gw u000 u ger u 035 $a10851055 040 $aPUL(R)$bita 041 0 $ager$aheb 100 1 $aEdel, Reiner Friedmann.$0(OLS)http://pul/name/35695 245 10$aHebäisch-Deutsche Präparation zu den kleinen Propheten II :$b(Micha bis Maleachi) /$cherausgegeben von Reiner Friedmann Edel. 260 $aMargburg :$bOekumenischer Verlag,$c1972. 300 $a106 p. ;$c19 cm 504 $aNote bibliografiche. 630 04$aBiblia.$pV.T.$pProphetae minores.$0(OLS)http://pul/subject/17292 650 4$aLingua ebraica biblica.$0(OLS)http://pul/subject/14997 850 $aPUL 852 $aPUL$W1$xDP1 Fondo Ciprotti$y59$m1532 C 26$j65574$nBK-PRI$b $qFondi$B65574$CPULBib$Z2$F65574 $H $81 941 1 $a1 961 $aINV: 0056. Fondo Ciprotti 996 $6245$aHebäisch-Deutsche Präparation zu den kleinen Propheten II :$b(Micha bis Maleachi)$9(OLS)http://pul/title/66550 996 $6260$aMargburg :$bOekumenischer Verlag$9(OLS)http://pul/publisher/67301 LEADER 01496nam a2200373 u 4500 001 000000042653 003 CaOOAMICUS 005 20150612140724.0 008 990305s1988 it u000 u ita u 020 $a883990400X 035 $a10816402 040 $aPUL(R)$bita 041 1 $aita$hger 100 1 $aMoltmann, Jürgen,$d1926-2024.$0(OLS)http://pul/name/12676 240 10$aKommen Gottes.$lItaliano.$0(OLS)http://pul/title/57549 245 12$aL'avvento di Dio :$bescatologia cristiana /$cJürgen Moltmann. 260 $aBrescia :$bQueriniana,$c1998. 300 $a385 p.$c23 cm 490 1 $aBiblioteca di teologia contemporanea ;$v100 500 $aInclude indici. 504 $aBibliografia a piè pagina. 650 4$aEscatologia.$0(OLS)http://pul/subject/791 830 0$aBiblioteca di teologia contemporanea ;$v100.$0(OLS)http://pul/title/7472 850 $aPUL 852 $aPUL$W1$xSL Religione 3$y85$m200 BTC 1.100$j57595$nBK-PRI$b $qDDC 21$B57595$CPULBib$Z2$F57595 $82 852 $aPUL$W1$xDP1 Fondo S. Lanza$y121$m3 A 84.100$j166156$qFondi$B166652$CPULBib$Z2$F166652 $HLAN8 $82 941 1 $a8 941 1 $a1 961 $aINV: 77819 961 $aNota ms. di possesso: Sergio Lanza 983 0$aBTC. 996 $6020$a883990400X$9(OLS)http://pul/number/53211 996 $6245$aL'avvento di Dio :$bescatologia cristiana$9(OLS)http://pul/title/57550 996 $6260$aBrescia :$bQueriniana$9(OLS)http://pul/publisher/47906